| 000 | 005880000a22002050004500 | ||
|---|---|---|---|
| 090 |
_aAR _b03391 |
||
| 245 | 1 | 0 | _aSpeciation in Colombian forest birds west of the Andes |
| 500 | _a<Colección Aves> | ||
| 650 | 1 | 4 |
_aEspeciación _917207 |
| 650 | 1 | 4 |
_aEvolución _992797 |
| 650 | 1 | 4 |
_aAves _992429 |
| 650 | 1 | 4 |
_aGeología _993001 |
| 650 | 1 | 4 |
_aHibridización _993404 |
| 650 | 1 | 4 |
_aDistribución geográfica _992997 |
| 651 | 4 |
_pcolombia _992749 |
|
| 041 | 0 | _aInglés | |
| 100 | 1 |
_aHaffer, Jurgen _994043 |
|
| 942 | _cARTICULO | ||
| 773 | 1 |
_tAmerican Museum Novitates _3183 _h2294 _q1-57 _d1967 |
|
| 999 |
_c12442 _d12442 |
||